[Event "Milan Crespi op-B 28th"]
[Site "Milan"]
[Date "2007.12.07"]
[Round "2"]
[White "Fiorelli, Paolo"]
[Black "Bondi, Fabio"]
[Result "0-1"]
[WhiteElo "1500"]
[BlackElo "1820"]
[PlyCount "111"]
[EventDate "2007.12.06"]
[EventType "swiss"]
[EventRounds "6"]
[EventCountry "ITA"]
[SourceTitle "EXT 2009"]
[Source "ChessBase"]
[SourceDate "2008.11.26"]
[SourceVersion "1"]
[SourceVersionDate "2008.11.26"]
[SourceQuality "1"]

1. d4 d5 2. c4 c6 3. e3 Nf6 4. Nc3 e6 5. Nf3 Nbd7 6. Bd3 dxc4 7. Bxc4 b5 8. Bd3 a6 9. 0-0 Bb7 10. e4 c5 11. dxc5 Nxc5 12. e5 Qxd3 13. exf6 Qxd1 14. Rxd1 gxf6 15. Nd4 Rg8 16. f3 Rd8 17. Be3 Be7 18. b4 Nd7 19. a3 Ne5 20. Nb3 Rxd1+ 21. Rxd1 Bxf3 22. Rd2 Nc4 23. Rf2 Nxe3 24. Rxf3 Nc4 25. Nc5 Bxc5+ 26. bxc5 f5 27. Ne2 Ke7 28. Nd4 Rc8 29. c6 Kd6 30. Rd3 Kc7 31. Rh3 Rd8 32. Rd3 Ne5 33. Re3 Rxd4 34. Rxe5 Kxc6 35. Re3 Kd5 36. Rh3 Ra4 37. Rxh7 Rxa3 38. Rxf7 b4 39. h4 Rg3 40. h5 Rg8 41. h6 Kc4 42. h7 Rh8 43. Rc7+ Kb3 44. Kf1 Kb2 45. Ke2 b3 46. Kd3 a5 47. Kc4 Ka2 48. Kc3 Ka3 49. Ra7 Rc8+ 50. Kd4 a4 51. Rg7 Rh8 52. Rc7 Kb2 53. Kd3 a3 54. Kc4 a2 55. Rb7 Rc8+ 56. Kd3 0-1

[Event "Magistrale 6th"]
[Site "Bassano del Grappa"]
[Date "2006.12.28"]
[Round "4.11"]
[White "Fantini, Adriano"]
[Black "Bondi, Fabio"]
[Result "1-0"]
[WhiteElo "1972"]
[BlackElo "1822"]
[PlyCount "77"]
[EventDate "2006.12.26"]
[EventType "swiss"]
[EventRounds "7"]
[EventCountry "ITA"]
[SourceTitle "EXT 2023"]
[Source "ChessBase"]
[SourceDate "2022.10.05"]
[SourceVersion "1"]
[SourceVersionDate "2022.10.05"]
[SourceQuality "1"]

1. b4 d5 2. Bb2 Nf6 3. e3 e6 4. a3 Be7 5. Nf3 0-0 6. d3 c5 7. c3 Nbd7 8. Nbd2 b6 9. Be2 Bb7 10. 0-0 Re8 11. Qb3 Qc7 12. c4 Rad8 13. b5 e5 14. cxd5 Bxd5 15. Qc2 Bf8 16. e4 Bb7 17. Nc4 Bd6 18. Nh4 g6 19. Qd2 Bf8 20. f4 Bh6 21. g3 exf4 22. gxf4 Bg7 23. f5 Ne5 24. Bxe5 Rxe5 25. Qa2 Qd7 26. Nxe5 Qd4+ 27. Kh1 Qxe5 28. fxg6 hxg6 29. Nf3 Qe7 30. Rae1 Nd7 31. Rg1 Kf8 32. Ref1 Ne5 33. Nxe5 Bxe5 34. Rxg6 Rd6 35. Rxd6 Bxd6 36. Bh5 f6 37. Rg1 Qh7 38. Qe6 Be5 39. Qe8# 1-0

[Event "Magistrale 6th"]
[Site "Bassano del Grappa"]
[Date "2006.12.27"]
[Round "3.9"]
[White "Bondi, Fabio"]
[Black "Ventura, Sergio"]
[Result "0-1"]
[WhiteElo "1822"]
[BlackElo "2125"]
[PlyCount "64"]
[EventDate "2006.12.26"]
[EventType "swiss"]
[EventRounds "7"]
[EventCountry "ITA"]
[SourceTitle "EXT 2023"]
[Source "ChessBase"]
[SourceDate "2022.10.05"]
[SourceVersion "1"]
[SourceVersionDate "2022.10.05"]
[SourceQuality "1"]

1. d4 c5 2. c3 e6 3. Nf3 Nf6 4. Bg5 Qb6 5. Qb3 Qa5 6. e3 Nc6 7. Bd3 cxd4 8. Bxf6 gxf6 9. exd4 Rg8 10. 0-0 Qh5 11. Nbd2 b6 12. Rfe1 Bb7 13. Kh1 f5 14. Bf1 Rg6 15. Qd1 Rh6 16. h3 Nd8 17. c4 Bg7 18. Rc1 Bxd4 19. Kg1 Bxb2 20. Rc2 Bf6 21. c5 Rg6 22. Kh2 Qh6 23. Nc4 Qf4+ 24. Kh1 Bxf3 25. Qxf3 Qxf3 26. gxf3 Nc6 27. f4 Nd4 28. Rcc1 Nf3 29. Bg2 Rxg2 30. Kxg2 Nxe1+ 31. Rxe1 d5 32. Nd6+ Kf8 0-1